000 00523nam a2200157 i 4500
001 48707
003 ES-MaACL
007 t|
008 931025s1885 sp f ||||1| spa d
100 1 _aDíaz Sánchez, Francisco.
_944422
245 1 0 _aGuía de la villa y Archivo de Simancas /
_cpor Francisco Diaz Sanchez...
260 _aMadrid :
_b[s.n.],
_c1885 (
_fTip. de Manuel G. Hernandez)
300 _a1 h., 299 p., [2] h. de lám. pleg. ;
_c23 cm.
710 2 _aArchivo General de Simancas.
_91439
852 _aES-MaACL
_jB-4373
999 _c48707
_d48707